000
00333nam a22001457a 4500
020
_a
81-219-0815-90
041
_a
ENG
100
_a
Mathur.D.S
245
_a
Elements of Properties Of Matter
250
_a
First Edi
260
_a
New Delhi
_b
S. Chand &Company lTD
_c
1998
300
_a
580
650
_a
Physisc
856
_u
Physisc
999
_c
281
_d
281